MARC

LEADER 00000nam0a2200000 4500
001 29297
005 20231101205912.0
010 |a 5279022950 
035 |a (RuTPU)RU\TPU\book\29557 
035 |a BOOK00029632 
090 |a 29297 
100 |a 20011209d2001 m y0rusy50 ca 
101 0 |a rus 
102 |a RU 
105 |a y j 001zy 
200 1 |a Проектирование экономических информационных систем  |e учебник для вузов  |f Г. Н. Смирнова, А. А. Сорокин, Ю. Ф. Тельнов 
210 |a Москва  |c Финансы и статистика  |d 2001 
215 |a 510 с. 
320 |a Библиогр.: с. 498-506. 
606 1 |a Экономические информационные системы  |2 stltpush  |3 (RuTPU)RU\TPU\subj\71394  |9 85329 
610 1 |a экономика 
610 1 |a информатика 
610 1 |a информационные системы 
610 1 |a проектирование 
610 1 |a учебники 
686 |a У9(2)39я73  |v LBC/SL-A  |2 rubbk 
700 1 |a Смирнова  |b Г. Н.  |g Галина Николаевна 
701 1 |a Сорокин  |b А. А.  |g Алексей Алексеевич 
701 1 |a Тельнов  |b Ю. Ф.  |g Юрий Филиппович 
801 0 |a RU  |b 63413507  |c 20011209  |g PSBO 
801 2 |a RU  |b 63413507  |c 20220506  |g PSBO 
942 |c BK